Jarit : (Registro nro. 23558)

Detalles MARC
000 -LEADER
fixed length control field 02171nam a2200265 4500
001 - CONTROL NUMBER
control field 0000023955
003 - CONTROL NUMBER IDENTIFIER
control field CO-CtgCURN
005 - DATE AND TIME OF LATEST TRANSACTION
control field 20250331185231.0
007 - PHYSICAL DESCRIPTION FIXED FIELD--GENERAL INFORMATION
fixed length control field ta
008 - FIXED-LENGTH DATA ELEMENTS--GENERAL INFORMATION
fixed length control field 160627s2005 nyu 000 0 eng d
040 ## - CATALOGING SOURCE
Original cataloging agency CO-CtgCURN
Language of cataloging spa
Transcribing agency coctgcurn
082 0# - DEWEY DECIMAL CLASSIFICATION NUMBER
Classification number 617.9
Item number J37
245 00 - TITLE STATEMENT
Title Jarit :
Remainder of title product catalog.
260 ## - PUBLICATION, DISTRIBUTION, ETC.
Place of publication, distribution, etc. New York :
Name of publisher, distributor, etc. INTEGRA,
Date of publication, distribution, etc. 2005.
300 ## - PHYSICAL DESCRIPTION
Extent vi, 777 p.
336 ## - CONTENT TYPE
Source rdacontent
337 ## - MEDIA TYPE
Source rdamedia
Media type term sin mediacion
Media type code n
338 ## - CARRIER TYPE
Source rdacarrier
Carrier type term volumen
Carrier type code nc
500 ## - GENERAL NOTE
General note Contiene indice numerico y alfabetico.
505 8# - FORMATTED CONTENTS NOTE
Formatted contents note Instrument care and handling program -- Decontamination and sterilization procedures -- Instrument maintenance procedures -- General operating instruments -- Operating instruments -- Operating scissors -- Bandage scissors -- Carb-edge scissors -- Jarit supercut scissor -- Petit-point instruments -- Hemostats -- Towel and tube occluding forceps -- Scalpel handles -- Sponge forceps -- Sterilization trays and aids -- Needle holders -- Carb-bite needle holders and wire twisters -- Carb-bite tissue and needle forceps -- Suture instruments -- Dressing, tissue and splinter forceps -- Intestinal instruments -- Gallbladder instruments -- Goitre instruments -- Suction tubes and trocars - Anesthesia and diagnostic instruments -- Laparotomy rings, probe and dilators -- Dermal instruments - Retractors, manual -- Retractors, self-retaining -- Orthopedic instruments -- Microsurgery instruments -- Neurosurgical and spinal instruments -- Thoracic and cardiovascular instruments -- Ophthalmic instruments -- Ophthalmic instruments -- Ear and nasal instruments -- Plastic and reconstructive instruments -- Post nasal instruments -- Sinus endoscopy instrumentation -- Throat and laryngeal instruments -- Rectal and genito-urinary instruments -- Obstetrical and gynecological instruments -- Bariatric instruments -- Titanium instruments -- Endoscopic instruments -- Suggested instruments sets -- Needle holder suture guide
650 14 - SUBJECT ADDED ENTRY--TOPICAL TERM
Topical term or geographic name entry element Instrumentos quirurgicos
Form subdivision Catalogos.
908 ## - PUT COMMAND PARAMETER (RLIN)
Put command parameter 160627
942 ## - ADDED ENTRY ELEMENTS (KOHA)
Koha item type Libros
Classification part 617.9
Item part J37
Source of classification or shelving scheme Dewey Decimal Classification
Existencias
Withdrawn status Lost status Source of classification or shelving scheme Damaged status Not for loan Collection Home library Current library Shelving location Date acquired Inventory number Total checkouts Full call number Barcode Date last seen Price effective from Koha item type Public note
    Dewey Decimal Classification     General Miguel Henríquez Emiliani Miguel Henríquez Emiliani General 03/31/2025 014537   617.9 J37 014537 03/31/2025 03/31/2025 Libros 610-CIENME